01254 2200349 4500001002100000005001500021035002000036007000300056008004100059020002200100040002200122082001600144084001800160090002200178100003300200245018800233250003500421300004500456650003400501700004400535700003900579700003300618700004100651700004400692850001200736264003800748336002100786337003000807338002300837999002200860990002200882INLIS00000000089521120250421032058 a0010-0425000460ta250417s2024 yoia g ind d a978-602-491-476-9 aYOPDYOGbinderda04223a282.598 a282.598 YOH j aCB-D.11 2024-61210 aYohanes DwiatmakaePengarang10aJejak waktu :bdulu, kini, esok /cYohanes Dwiatmaka, Andreas Willy Satya Putranta, Yohanes Sulistya Wibowo, Paulus Eko Ananto, Silvester Cahyo Kristanto, Yuvensius Sasongko Iswandaru aCetakan pertama : Agustus 2024 a252 halaman :btabel dan gambar ;c23 cm 4aKehidupan beragama (katholik)0 aAndreas Willy Satya PutrantaePengarang0 aYohanes Sulistya WibowoePengarang0 aPaulus Eko AnantoePengarang0  PengarangaSilvester Cahyo Kristanto0 aYuvensius Sasongko IswandaruePengarang aYOPDYOG34aYogyakarta :bPohon Cahaya,c2024 2rdacontentateks 2rdamediaatanpa perantara 2rdacarrieravolume aCB-D.11/2024-6121 aCB-D.11/2024-6121